| 000 | 00851nam a22002297a 4500 | ||
|---|---|---|---|
| 999 |
_c8268 _d8268 |
||
| 003 | AR-CdUCM | ||
| 008 | 190322b ||||| |||| 00| 0 spa d | ||
| 040 |
_aMUNICIPALIDAD PROVINCIAL DEL CUSCO _cBIBLIOTECA MUNICIPAL DEL CUSCO |
||
| 082 |
_a070.4311 / _bAM53 |
||
| 100 |
_aAnestoy, Alfredo _923262 |
||
| 245 | _aEl reportero / | ||
| 260 |
_aMadrid : _bRialp, _c1963. |
||
| 300 |
_a204 páginas ; _c20 cm. |
||
| 440 |
_aLibros de periodismo Rialph. _923263 |
||
| 505 | _aContenido: ¿Quien es el reportero? -- ¿Como se fabrica un reportero? -- El reportero y su periódico -- Su género: el reportaje -- El columnista -- El equipo reportero ... | ||
| 650 |
_aReportajes y reporteros _918233 |
||
| 650 |
_aGénero _92365 |
||
| 650 |
_aFuentes de información _923264 |
||
| 650 |
_aReportero de radio _923265 |
||
| 942 |
_2ddc _cLIBROS |
||
| 945 | _aachl | ||